000 00762nam a2200265 a 4500
001 33138
003 AR-BaAGN
005 20231117104634.0
007 ta
008 220625s2010 ag |||||r|||| ||||||spa d
020 _a978-987-04-1625-8
040 _dAR-BaAGN
_aAR-BaAGN
_bspa
_eaacr
100 1 _aPuiggrós, Adriana,
_d1941-
_94529
245 1 0 _aRodolfo Puiggrós :
_bretrato familiar de un intelectual militante
250 _a1ª ed.
260 _aBuenos Aires :
_bAguilar, Altea, Alfaguara,
_c2010.
300 _a280 páginas :
_bilustraciones
336 _2rdacontent
_btxt
337 _2rdamedia
_bn
338 _2rdacarrier
_bnc
600 1 4 _aPuiggrós, Rodolfo,
_d1906-1980
_96614
650 4 _aBIOGRAFÍA
_91475
942 _cLIBRO
999 _c33138
_d33138